000
00221nam a2200109Ia 4500
999
_c
7946
_d
7946
020
_a
978-0132359238
100
_a
Floyd
245
0
_a
Digital Fundamentals
260
_a
India
_b
Pearson
_c
2013
300
_a
248
942
_c
BK